000 00235nam a2200109Ia 4500
008 220713s9999 xx 000 0 und d
020 _a9780796305206
082 _aAF LERO
100 _aLE ROUX
245 0 _aHATIIKVAH
942 _cBK
_y561
_zJohn Tresidder
999 _c675110
_d675109